Los desafíos ético-políticos de la educación popular en la transición al siglo XXI : un encuentro con Giulio Girardi /

Gardado en:
Detalles Bibliográficos
Autor Principal: Quintanilla A., Mario (edición)
Formato: Libro
Idioma:Lingua castelá
Series:(Biblioteca del Educador Popular ; 7)
Temas:
Etiquetas: Engadir etiqueta
Sen Etiquetas, Sexa o primeiro en etiquetar este rexistro!

MARC

LEADER 00000nam^a2200000^a^4500
001 000392578
005 20250521000000.0
009 20260310121245.375
037 |a Acervo ITESO - Biblioteca 
041 |a ESP 
082 |a 361. 8  |b QUI 
100 |a Quintanilla A., Mario  |e (edición) 
245 1 4 |a Los desafíos ético-políticos de la educación popular en la transición al siglo XXI :  |b un encuentro con Giulio Girardi /  |c Ed. de M. Quintanilla A. 
264 |a La Paz, Bolivia :  |b Movimiento de Educadores Populares de Bolivia :  |b Instituto de Investigación y Capacitación Pedagógica,  |c 1998 
300 |a III, 164 p. 
336 |a texto  |b txt  |2 rdacontenido 
337 |a sin mediación  |b n  |2 rdamedio 
338 |a volumen  |b nc  |2 rdasoporte 
440 1 |a (Biblioteca del Educador Popular ;  |v 7) 
649 |a XX 
650 |a Educadores 
650 |a Globalización 
650 |a Neoliberalismo 
650 |a Axiología de la Educación 
650 |a Educación y Promoción Popular -  |x Tema Principal 
650 |a Educación y Política 
650 |a Educación y Sociedad 
650 |a Sociología de la Educación 
910 |a Fondo Carlos Núñez Hurtado 
920 |a Impresos - Libros 
930 |a Fondos Especiales 
905 |a 117 
901 |a 0500287536  |b IT2  |c ESP  |i D81277  |u 20250521 
902 |a https://opac.biblio.iteso.mx/vufind/Record/000392578